[Event "Prague Summer op-A 10th"]
[Site "Prague"]
[Date "2023.08.04"]
[Round "1"]
[White "Itgelt, Khuyagtsogt"]
[Black "Zhu, Yaoyao"]
[Result "1-0"]
[WhiteElo "2397"]
[BlackElo "1926"]
[PlyCount "75"]
[EventDate "2023.08.04"]
[EventType "swiss"]
[EventRounds "9"]
[EventCountry "CZE"]
[SourceTitle "CBM 215 Extra"]
[Source "ChessBase"]
[SourceDate "2023.09.30"]
[SourceVersion "1"]
[SourceVersionDate "2023.09.30"]
[SourceQuality "1"]

1. d4 d5 2. Nf3 Nf6 3. c4 e6 4. Nbd2 c6 5. Qc2 Be7 6. g3 0-0 7. Bg2 b6 8. 0-0 Bb7 9. e4 dxe4 10. Nxe4 Nbd7 11. Rd1 Qc8 12. Ne5 Nxe4 13. Nxd7 Qxd7 14. Bxe4 g6 15. Be3 Bf6 16. Rac1 Rac8 17. h4 h5 18. c5 Rfd8 19. Qb3 b5 20. Bf4 Qe7 21. Qe3 Rd7 22. Bd6 Rxd6 23. cxd6 Qxd6 24. Kg2 Kg7 25. Rc2 Rd8 26. Qf3 Bxd4 27. Bxc6 Rc8 28. Rdc1 Bxc6 29. Rxc6 Rxc6 30. Rxc6 Qd8 31. b3 a5 32. Ra6 Qc7 33. Rc6 Qe5 34. Rc8 Qd6 35. Qc6 Qxc6+ 36. Rxc6 e5 37. Ra6 Bc3 38. Rb6 1-0

[Event "BCF-chT4 2223 (4NCL)"]
[Site "England"]
[Date "2023.01.08"]
[Round "4.16"]
[White "Zhu, Yaoyao"]
[Black "Moss, Stephen"]
[Result "1-0"]
[WhiteElo "2056"]
[BlackElo "1672"]
[PlyCount "93"]
[EventDate "2022.11.05"]
[EventType "team-swiss"]
[EventRounds "11"]
[EventCountry "ENG"]
[SourceTitle "EXT 2024"]
[Source "ChessBase"]
[SourceDate "2023.10.10"]
[SourceVersion "1"]
[SourceVersionDate "2023.10.10"]
[SourceQuality "1"]
[WhiteTeam "Average Wood Pushers"]
[BlackTeam "Kingston II"]
[WhiteTeamCountry "ENG"]
[BlackTeamCountry "ENG"]

1. e4 d5 2. exd5 Nf6 3. Nf3 Nxd5 4. d4 Bg4 5. c4 Nb6 6. Be2 e6 7. h3 Bh5 8. Nc3 Be7 9. Be3 0-0 10. g4 Bg6 11. h4 Bb4 12. Qb3 Bxc3+ 13. Qxc3 Nc6 14. h5 Be4 15. h6 Bxf3 16. Bxf3 Qf6 17. Be4 g6 18. g5 Qh8 19. Bxc6 bxc6 20. Bf4 Nd7 21. Bxc7 f6 22. f4 fxg5 23. fxg5 Rf5 24. Qe3 Kf7 25. 0-0-0 Qc8 26. Rhe1 Nb6 27. Bxb6 axb6 28. Kb1 Qd7 29. d5 cxd5 30. Qd4 Kg8 31. Rxe6 Qf7 32. Rde1 Rf1 33. Qxd5 Rxe1+ 34. Rxe1 Qxd5 35. cxd5 Rd8 36. Re5 Rf8 37. d6 Rd8 38. Re6 Rd7 39. b4 Kf7 40. Re7+ Rxe7 41. dxe7 Kxe7 42. a4 Kd6 43. a5 bxa5 44. bxa5 Kc5 45. Kc2 Kb5 46. Kd3 Kxa5 47. Ke4 1-0